| 000 | 01098nam0a22002411i 4500 | ||
|---|---|---|---|
| 001 | rc\3800681 | ||
| 005 | 20240726003908.0 | ||
| 021 |
_aRU _b[75-17557а] |
||
| 035 | _a(NLR Aleph) 007246898 | ||
| 090 |
_a5163492 _c5163492 |
||
| 100 | _a20120311d1975 |||y0rusy50 ca | ||
| 101 | 0 | _arus | |
| 102 | _aRU | ||
| 105 | _ay d ||||| | ||
| 200 | 1 |
_aАктивизация познавательной деятельности учащихся в процессе обучения _e(На материале машиностроит. техникумов Нар. Республики Болгарии) _eАвтореф. дис. на соиск. учен. степени канд. пед. наук _e(13.00.01) _fАПН СССР. Науч.-исслед. ин-т труд. обучения и проф. ориентации |
|
| 210 |
_aМосква _d1975 |
||
| 215 | _a48 с. | ||
| 320 | _aСписок работ авт.: с. 47-48 (11 назв.) | ||
| 700 | 1 |
_aИванов _bИ.П. _gИван Пенев |
|
| 801 | 0 |
_aRU _bNLR _gpsbo |
|
| 801 | 1 |
_aRU _bELAR _2rusmarc |
|
| 852 |
_aNLR _j75-4/19157 |
||
| 942 | _cBOOK | ||